Historia de la universidad española: la ciudad del estudio. Selección y reforma. Ocaso y restauración

Đã lưu trong:
Chi tiết về thư mục
Tác giả chính: Jiménez, Alberto (Tác giả)
Định dạng: Sách
Ngôn ngữ:Tiếng Tây Ban Nha
Được phát hành: Madrid Alianza 1971
Loạt:Sección Humanidades
Những chủ đề:
Các nhãn: Thêm thẻ
Không có thẻ, Là người đầu tiên thẻ bản ghi này!

MARC

LEADER 00000nam a2200000 a 4500
001 UCZ6129
003 CL-VaPUC
008 951201e19710000SP |||||||||||||||||spa|d
082 0 4 |a 378.46  |b JIM  |2 21 
100 |a Jiménez, Alberto  |e author  |9 356575 
245 1 0 |a Historia de la universidad española: la ciudad del estudio. Selección y reforma. Ocaso y restauración 
300 |a 522 p 
942 |c BK 
945 |d 19951201 00:00:00  |a cmena 
260 |a Madrid  |b Alianza  |c 1971 
650 0 |a Universidades  |9 256317 
650 0 |a Educación superior   |9 223851 
650 0 |a Historia  |9 255047 
651 0 |a España  |9 254926 
583 |a last modification  |c 19951201 00:00:00  |k Rodrigo Vera 
490 0 |a Sección Humanidades 
999 |c 242385  |d 242383 
952 |0 0  |1 0  |4 0  |6 378_460000000000000_JIM_1971  |7 0  |8 P  |9 255274  |a BIBEDU  |b BIBEDU  |c BIBEDU_PB  |d 2019-11-19  |i 1600931  |o 378.46 JIM 1971  |p 1600931  |r 2019-11-19  |w 2019-11-19  |y BK  |k FIL